000 00370pab a2200157 454500
008 180718b2003 xxu||||| |||| 00| 0 eng d
100 _aWatson, John
245 _aPolice recruitment: the way forward
260 _c2003
300 _ap.14-29.
650 _aRecruitment
650 _aPolice
700 _aRobinson, Emily
773 _aPolice Journal
909 _a56459
999 _c56459
_d56459